| 000 | 00693nam a22002177a 4500 | ||
|---|---|---|---|
| 005 | 20250411155207.0 | ||
| 008 | 250411b |||||||| |||| 00| 0 eng d | ||
| 020 | _a978-1-032-78083-2 (hbk) | ||
| 037 | _cTB | ||
| 040 |
_aCRL _cCRL |
||
| 041 |
_2eng _aeng |
||
| 084 |
_aS55 R4 _qCRL |
||
| 100 |
_aNatu, Sadhana Avinash _9752211 |
||
| 245 |
_aPsychology and gender: _bAn advanced reader |
||
| 260 |
_aLondon, UK: _bRoutledge, _c2024. |
||
| 300 | _axvii, 204p. | ||
| 365 |
_b1295.00 _cINR |
||
| 650 | _aPsychology | ||
| 942 |
_2CC _cTB _hS55 R4 _n0 |
||
| 999 |
_c1308900 _d1308900 |
||